Telemedicina és földrajz egy innovatív egészségügyi ellátási forma és a földrajzi egyenlőtlenségek /

Elmentve itt :
Bibliográfiai részletek
Szerző: Bán Attila
Dokumentumtípus: Cikk
Megjelent: Magyar Földrajzi Társaság 2015
Sorozat:Földrajzi közlemények 139 No. 4
mtmt:2987523
Online Access:http://publicatio.bibl.u-szeged.hu/7372
LEADER 00701nab a2200181 i 4500
001 publ7372
005 20190715094157.0
008 160729s2015 hu o 0|| zxx d
022 |a 0015-5411 
024 7 |a 2987523  |2 mtmt 
040 |a SZTE Publicatio Repozitórium  |b hun 
041 |a zxx 
100 1 |a Bán Attila 
245 1 0 |a Telemedicina és földrajz  |h [elektronikus dokumentum] :  |b egy innovatív egészségügyi ellátási forma és a földrajzi egyenlőtlenségek /  |c  Bán Attila 
260 |a Magyar Földrajzi Társaság  |c 2015 
300 |a 318-324 
490 0 |a Földrajzi közlemények  |v 139 No. 4 
856 4 0 |u http://publicatio.bibl.u-szeged.hu/7372/7/ban_attila_foldrajzi_kozlemenyek.pdf  |z Dokumentum-elérés